| 000 | 00627nam a2200217 a 4500 | ||
|---|---|---|---|
| 005 | 20220528063536.0 | ||
| 008 | 071114s2006 mx r 000 0 spa d | ||
| 020 | _a8466747664 | ||
| 035 | _aUPN01000153535 | ||
| 049 | _aCG | ||
| 050 | 4 |
_aPR6060 A2.4 _bE7 |
|
| 100 | 1 | _aJacka, Benedict | |
| 245 | 1 | 0 |
_aEscuela de Ninjas / _cBenedict Jacka ; tr. Borja García Bercero. |
| 260 |
_aMadrid : _bAnaya, _c2006. |
||
| 300 | _a389 p. | ||
| 534 |
_pTítulo original : _tTo Be A Ninja |
||
| 650 | 4 |
_aNINJA - _vNOVELA _98750 |
|
| 650 | 4 |
_aNIÑOS PROFUGOS - _vNOVELA _98751 |
|
| 650 | 0 |
_aHistorias de aventuras _94131 |
|
| 905 | _aLibro | ||
| 999 |
_c125656 _d125656 |
||